Obras completas (Registro nro. 29067)

000 -CABECERA
campo de control de longitud fija 00681aam a22002411a 4500
001 - NÚMERO DE CONTROL
campo de control YPZ99821
003 - IDENTIFICADOR DEL NÚMERO DE CONTROL
campo de control YPZ
005 - FECHA Y HORA DE LA ÚLTIMA TRANSACCIÓN
campo de control 20200403132303.0
008 - DATOS DE LONGITUD FIJA--INFORMACIÓN GENERAL
campo de control de longitud fija 151116|###########||||||b||||||||||spa|d
040 ## - FUENTE DE LA CATALOGACIÓN
Centro/agencia transcriptor SIUNPA
041 ## - CÓDIGO DE LENGUA
Código de lengua del texto/banda sonora o título independiente spa
044 ## - CÓDIGO DEL PAÍS DE LA ENTIDAD EDITORA/PRODUCTORA
Código MARC del país ag
080 ## - NÚMERO DE LA CLASIFICACIÓN DECIMAL UNIVERSAL
Número de la Clasificación Decimal Universal 821.134.2(82) F847o
100 ## - ENTRADA PRINCIPAL--NOMBRE DE PERSONA
Nombre de persona Fray Mocho, seud.
Término indicativo de función/relación Álvarez, José Sixto
245 ## - MENCIÓN DE TÍTULO
Título Obras completas
Resto del título : perfil de luces para Fray Mocho
Mención de responsabilidad, etc. / Fray Mocho
260 ## - PUBLICACIÓN, DISTRIBUCIÓN, ETC.
Lugar de publicación, distribución, etc. Buenos Aires
Nombre del editor, distribuidor, etc. : Schapire
Fecha de publicación, distribución, etc. , 1961
300 ## - DESCRIPCIÓN FÍSICA
Extensión 2 t.
490 ## - MENCIÓN DE SERIE
Mención de serie (Colección los consagrados)
650 ## - PUNTO DE ACCESO ADICIONAL DE MATERIA--TÉRMINO DE MATERIA
Término de materia o nombre geográfico como elemento de entrada LITERATURA ARGENTINA
700 ## - PUNTO DE ACCESO ADICIONAL--NOMBRE DE PERSONA
Nombre de persona Solero, F.J.,
Fechas asociadas al nombre pról. y notas
700 ## - PUNTO DE ACCESO ADICIONAL--NOMBRE DE PERSONA
Fechas asociadas al nombre Muñoz, Gori
Término indicativo de función/relación il. en col.
942 ## - ELEMENTOS DE PUNTO DE ACCESO ADICIONAL (KOHA)
Tipo de ítem Koha Libros
Fuente del sistema de clasificación o colocación
Existencias
Estado de retiro Estado de pérdida Fuente del sistema de clasificación o colocación Especificación de materiales (volumen encuadernado u otra parte) Estado dañado Restricciones de uso No para préstamo Código de colección Localización permanente Ubicación/localización actual Fecha de adquisición Fuente de adquisición Coste, precio normal de compra Número de inventario Signatura topográfica completa Código de barras Fecha visto por última vez Tipo de ítem Koha
      1   Acceso restringido Ordenado o Solicitado Colección General SIUNPA Biblioteca Académica Malvina Perazo 2015-10-20 Don. Flia. Celada 230.00 05-47549 821.134.2(82) F847o 05-47549 2019-04-03 Libros
      2   Acceso restringido Ordenado o Solicitado Colección General SIUNPA Biblioteca Académica Malvina Perazo 2015-10-20 Don. Flia. Celada 230.00 05-47550 821.134.2(82) F847o 05-47550 2019-04-03 Libros